Statistics for Simpsons characters anagrams

Click here to take the quiz!

General Stats

  • This quiz has been taken 31 times
  • The average score is 6 of 15

Answer Stats

AnagramAnswer% Correct
MPS LIAISONSLISA SIMPSON
87%
NND FEDERALSNED FLANDERS
73%
HMP MOONRISESHOMER SIMPSON
70%
BUMBLE RANGEYBARNEY GUMBLE
63%
BI SPORTSMANBART SIMPSON
63%
MA MO PIGGINESSMAGGIE SIMPSON
63%
TYBURN GROOMSMENMONTGOMERY BURNS
43%
CFI MUG WEIGHCHIEF WIGGUM
40%
FOR REDLANDSROD FLANDERS
40%
WHAM STORYLINESWAYLON SMITHERS
30%
NURSERYMEN O SKISEYMOUR SKINNER
27%
LO ZENITH LULIONEL HUTZ
7%
CRAIK IRVINENICK RIVIERA
3%
BUY RAV TIPTOEPATTY BOUVIER
3%
UM CORRECTLYTROY MCCLURE
3%

Score Distribution

Percentile by Number Answered

Percent of People with Each Score

Your Score History

You have not taken this quiz